Почвенная карта Европейской России (Запись № 11091426)

Подробности
000 -МАРКЕР
контрольное поле 03088nem0a2200433 4500
001 - ИДЕНТИФИКАТОР ЗАПИСИ
контрольное поле RU\NLR\BIBL_A\011643306
005 - ИДЕНТИФИКАТОР ВЕРСИИ
контрольное поле 20260409080844.0
035 ## - ДРУГИЕ СИСТЕМНЫЕ НОМЕРА
Идентификатор записи (NLR Aleph) 011643306
100 ## - ДАННЫЕ ОБЩЕЙ ОБРАБОТКИ
Данные общей обработки 20180227d1900 |||y0rusy50 ca
101 0# - ЯЗЫК РЕСУРСА
Язык текста, звукозаписи и т.д. русский
102 ## - СТРАНА ПУБЛИКАЦИИ ИЛИ ПРОИЗВОДСТВА
Страна публикации российская федерация
120 ## - ПОЛЕ КОДИРОВАННЫХ ДАННЫХ: КАРТОГРАФИЧЕСКИЕ МАТЕРИАЛЫ - ОБЩИЕ ХАРАКТЕРИСТИКИ
Кодированные данные о картографическом материале (общие) byy xx||
123 1# - ПОЛЕ КОДИРОВАННЫХ ДАННЫХ: КАРТОГРАФИЧЕСКИЕ МАТЕРИАЛЫ - МАСШТАБ И КООРДИНАТЫ
Тип масштаба а
Постоянное отношение линейного горизонтального масштаба 2 520 000
135 ## - ПОЛЕ КОДИРОВАННЫХ ДАННЫХ: ЭЛЕКТРОННЫЕ РЕСУРСЫ
Кодированные данные для электронного ресурса crcn 024anaba
200 1# - ЗАГЛАВИЕ И СВЕДЕНИЯ ОБ ОТВЕТСТВЕННОСТИ
Основное заглавие Почвенная карта Европейской России
Общее обозначение материала Карты
Параллельное заглавие Carte du sol de la Russie d'Europe
Первые сведения об ответственности составленная по почину и плану проф. В. В. Докучаева проф. Н. М. Сибирцевым, Г. И Танфильевым и А. Р. Ферхминым
Последующие сведения об ответственности под наблюдением учёнаго комитета Министерства земледелия и государственных имуществ
Первые сведения об ответственности dressée sur l'initiative et d'après le plan de mr. le prof. W. Dokoutchaīef par mr. le prof. N. Sibirtzef et mrs. G. Tanfilief et A. Ferkhmine
Последующие сведения об ответственности sous les auspices du comité scientifique du Ministère de l'agriculture et des domaines
206 ## - ОБЛАСТЬ СПЕЦИФИЧЕСКИХ СВЕДЕНИЙ: КАРТОГРАФИЧЕСКИЕ МАТЕРИАЛЫ - МАТЕМАТИЧЕСКИЕ ДАННЫЕ
Сведения о математических данных 1:2 520 000, 60 вёрст в 1 дюйме (25,2 км в 1 см)
210 ## - ПУБЛИКАЦИЯ, РАСПРОСТРАНЕНИЕ И ДР.
Место издания, распространения и т.д. С.Петербург
Имя издателя, распространителя и т. д. издание Департамента земледелия
Дата издания, распространения и т.д. 1900
215 ## - ФИЗИЧЕСКАЯ ХАРАКТЕРИСТИКА
Специфическое обозначение материала и объем 1 к. (6 л. в общ. рамке)
Другие сведения о физической характеристике цв.
Размеры 55х66 (60х79) см
300 ## - ОБЩИЕ ПРИМЕЧАНИЯ
Текст примечания Усл. зн. парал. рус., фр., нем.
300 ## - ОБЩИЕ ПРИМЕЧАНИЯ
Текст примечания В Кратком объяснительном тексте к карте указано, что год издания "1900" на карте напечатан "по недосмотру"
311 ## - ПРИМЕЧАНИЯ, ОТНОСЯЩИЕСЯ К ПОЛЯМ СВЯЗИ (ПРИМЕЧАНИЯ О СВЯЗИ С ДРУГИМИ ПРОИЗВЕДЕНИЯМИ (ИЗДАНИЯМИ))
Текст примечания Краткий объяснительный текст к Почвенной карте Европейской России, изданной в 1901 году (Шифр Текст/833)
325 1# - ПРИМЕЧАНИЕ О КОПИИ
Текст примечания Копия доступна в электронной библиотеке РНБ
509 0# - ЗАГОЛОВОК -СТРУКТУРИРОВАННОЕ ГЕОГРАФИЧЕСКОЕ ИЛИ ТЕМАТИЧЕСКОЕ НАИМЕНОВАНИЕ
-- rus
Географическое / тематическое наименование – начальный элемент ввода Россия, европейская часть
Графика поля Кириллица
Идентификатор авторитетной / нормативной записи RU\NLR\auth_crt\55200
Системный номер авторитетной/нормативной записи 2633382
606 ## - НАИМЕНОВАНИЕ ТЕМЫ КАК ПРЕДМЕТ
Наименование темы Почвы
Формальный подзаголовок Карты
Географический подзаголовок Россия
Системный номер авторитетной/нормативной записи 2357090
Идентификатор авторитетной/нормативной записи RU\NLR\AUTH\6601630373
608 ## - ФОРМА, ЖАНР, ФИЗИЧЕСКИЕ ХАРАКТЕРИСТИКИ ДОКУМЕНТА КАК ТОЧКА ДОСТУПА
Начальный элемент ввода Почвенные карты
Системный номер авторитетной/нормативной записи 1672383
Идентификатор авторитетной/нормативной записи RU\NLR\AUTH\66741822
620 ## - МЕСТО И ДАТА ПУБЛИКАЦИИ, ИСПОЛНЕНИЯ И Т. Д.
Страна Санкт-Петербург
701 #1 - ИМЯ ЛИЦА - АЛЬТЕРНАТИВНАЯ ОТВЕТСТВЕННОСТЬ
Материалы, к которым относится поле rus
Графика поля Кириллица
Начальный элемент ввода Докучаев
Часть имени, кроме начального элемента ввода В. В.
Даты 1846-1903
Расширение инициалов личного имени Василий Васильевич
Идентификатор авторитетной/нормативной записи RU\NLR\AUTH\77112446
Системный номер авторитетной/нормативной записи 95371
701 #1 - ИМЯ ЛИЦА - АЛЬТЕРНАТИВНАЯ ОТВЕТСТВЕННОСТЬ
Начальный элемент ввода Сибирцев
Часть имени, кроме начального элемента ввода Н. М.
Даты 1860-1900
Расширение инициалов личного имени Николай Михайлович
701 #1 - ИМЯ ЛИЦА - АЛЬТЕРНАТИВНАЯ ОТВЕТСТВЕННОСТЬ
Начальный элемент ввода Танфильев
Часть имени, кроме начального элемента ввода Г. И.
Даты 1857-1928
Расширение инициалов личного имени Гавриил Иванович
701 #1 - ИМЯ ЛИЦА - АЛЬТЕРНАТИВНАЯ ОТВЕТСТВЕННОСТЬ
Начальный элемент ввода Ферхмин
Часть имени, кроме начального элемента ввода А. Р.
Даты (1858-1905)
Расширение инициалов личного имени Альберт Романович
712 02 - НАИМЕНОВАНИЕ ОРГАНИЗАЦИИ - ВТОРИЧНАЯ ОТВЕТСТВЕННОСТЬ
Начальный элемент ввода Департамент земледелия
852 ## - МЕСТОНАХОЖДЕНИЕ И ШИФР ХРАНЕНИЯ
Идентификатор организации NLR
Наименование фонда или коллекции (Sub-Location Identifier) К
Шифр хранения (Call Number) 3-РоссЕ 3/158
Идентификатор единицы 13733
901 ## - ДАННЫЕ ОБ ОБЪЕКТЕ ОЦИФРОВКИ
-- Картографические материалы
942 ## - ДОПОЛНИТЕЛЬНЫЕ ЭЛЕМЕНТЫ ЗАПИСИ (АБИС)
Тип экземпляра АБИС Карта
980 ## - КОЛЛЕКЦИЯ
Название коллекции Национальная библиография
981 19 - КОЛЛЕКЦИЯ ЭЛЕКТРОННОЙ БИБЛИОТЕКИ
Название коллекции Картографические материалы

Нет доступных экземпляров.